000 00316nam a2200121Ia 4500
008 190216s9999||||xx |||||||||||||| ||und||
100 _a"Zarapkar S R,Oak A D,&Amp; Gadgil"
245 0 _aElementary Statistical Technics
260 _bPearson Education Asia
_c1978
300 _a326p
650 _aCommerce
942 _cBK
999 _c4322
_d4322